000 00840nam a2200241Ia 4500
005 20250108124849.0
008 008 250107s9999 xx 000 0 hin d
020 _a978-93-83654-98-7
037 _aTB
040 _aCRL
_bhin
_cCRL
041 _asah
_2hin
084 _aO152,1x R0
084 _qCRL
100 _aवर्मा, सुरेन्द्र, ले.
245 0 _aआठवॉं सर्ग
_cवर्मा, सुरेन्द्र, ले.
260 _aनई दिल्ली, भारत
_bराधाकृष्ण
_c2480
300 _a73पृ0
365 _aINR
_b200
546 _aTranslated from Sanskrit to Hindi
650 _aसंस्कृत कवितासंस्कृत साहित्य
_9729942
942 _cTB
_hO152,1x R0
999 _c1234868
_d1234868